=LDR 00000nam 2200000 4500 =001 INLIS000000000049674 =005 20201103081230 =035 ##$$a 0010-031700000000119 =008 201103################g##########0#ind## =040 ##$$a NBPDMAT =082 ##$$a 320 8 =084 ##$$a 320 8 SET s =100 #$$a Setiawan =245 1#$$a Sekilas tentang penyelenggara pemerintah daerah /$c Setiawan =260 ##$$a Surakarta :$b Aryhaeko Sinergi Persada,$c 2014 =300 ##$$a 116 hlm . : $b ilus , ; $c 14 x 21 cm =500 ##$$a Biliografi : hlm. 116 =650 #4$$a Pemerintahan daerah =250 ##$$a cet.1 =990 ##$$a 21603360 =990 ##$$a 21603361 =990 ##$$a 21603362 =990 ##$$a 21603363 =990 ##$$a 21603364